Efectos del TLCAN en la competitividad de la pequeña empresa en México /

সংরক্ষণ করুন:
গ্রন্থ-পঞ্জীর বিবরন
প্রধান লেখক: Haar, Jerry
অন্যান্য লেখক: Leroy - Beltrán, Catherine Beltrán, Oscar
বিন্যাস: পাঠ‍্য
বিষয়গুলি:
ট্যাগগুলো: ট্যাগ যুক্ত করুন
কোনো ট্যাগ নেই, প্রথমজন হিসাবে ট্যাগ করুন!

MARC

LEADER 00000 a a2200000 04500
001 3577
003
040
100 |a Haar, Jerry  
245 |a Efectos del TLCAN en la competitividad de la pequeña empresa en México /  |c Jerry Haar ; Catherine Leroy - Beltrán ; Oscar Beltrán 
500 |a Resumen en español páginas 471 y en inglés páginas558  
650 |a TLCAN  
650 |a PEQUEÑAS EMPRESAS  
650 |a CONSECUENCIAS ECONOMICAS  
700 |a Leroy - Beltrán, Catherine   |a Beltrán, Oscar  
773 |g volumen 54, número 6; páginas 502-515  
999 |c 31401  |d 31401